000 00743cam a2200241 a 4500
001 000020056
005 20200929170239.0
008 720111s1980 sp 000 d spa d
040 _aDO-SdBNP
_bspa
_cLC
_dBNPHU
082 _a862.6
_bC341c, 1980
100 1 _aCasona, Alejandro,
_d1903-1965
_915037
245 1 3 _aEl caballero de las espuelas de oro /
_cAlejandro Casona.
250 _a5a ed.
260 _aMadrid :
_bEspasa-Calpe,
_c1980.
300 _a207, [16] p. ;
_c18 cm.
490 1 _aAustral. Violeta: teatro y poesía
_v1358
650 4 _aTeatro español
_93071
650 4 _aLiteratura española
_9632
740 0 2 _aRetablo jovial
830 0 _aAustral.
_pVioleta: teatro y poesía
_v1358
_939559
910 _aWM
049 _aBNGR
999 _c19564
_d19564